| 000 | 01245nam a2200337 i 4500 | ||
|---|---|---|---|
| 001 | 150723 | ||
| 003 | ES-MaACL | ||
| 005 | 20230906203649.0 | ||
| 007 | t| | ||
| 008 | 071107q1957 sp ||||1| spa d | ||
| 080 | _a821.111-31"18" | ||
| 100 | 1 |
_aDickens, Charles. _944489 |
|
| 245 | 1 | 4 |
_aLas cinco mejores obras de Carlos Dickens / _c[prólogo de José Castellano ; sobrecubierta e ilustraciones, Fariñas ; versiones de M. Rossell Pesant, R. Ballester Escalas, Víctor Scholz]. |
| 260 |
_aBarcelona : _bMateu, _c[ca. 1957] |
||
| 300 |
_a917 p. : _bil. col. y n. ; _c25 cm. |
||
| 490 | 1 | _aLas cinco mejores obras | |
| 505 | 8 | _aContiene: David Copperfield ; Oliver Twist ; La pequeña Dorrit ; Historia de dos ciudades ; Canción de Navidad | |
| 700 | 1 |
_aCastellano, José. _936504 |
|
| 700 | 0 |
_aFariñas. _9174107 |
|
| 700 | 1 |
_aRossell Pesant, Manuel. _999688 |
|
| 700 | 1 |
_aBallester Escalas, R. _925014 |
|
| 700 | 1 |
_aScholz, Víctor. _9104643 |
|
| 740 | 0 | 2 | _aDavid Coperfield. |
| 740 | 0 | 2 | _aOliver Twist. |
| 740 | 3 | 2 | _aLa pequeña Dorrit. |
| 740 | 0 | 2 | _aHistoria de dos ciudades. |
| 740 | 0 | 2 | _aCanción de Navidad. |
| 830 | 1 |
_aLas cinco mejores obras _9187611 |
|
| 852 | 4 |
_aES-MaACL _jC-10875 |
|
| 999 |
_c150723 _d150723 |
||